| 000 | 00525nam a2200157 a 4500 | ||
|---|---|---|---|
| 001 | 000046360 | ||
| 005 | 20201002052821.0 | ||
| 008 | 150804s1995 dr ac r 000 0 spa d | ||
| 040 |
_aDO-SdBNP _bspa _cBNPHU |
||
| 082 |
_axxxx _bQ64e |
||
| 100 | 1 |
_aQuidiello de Bosch, Carmen, _d1915- _98255 |
|
| 245 | 1 | 3 |
_aLa eterna Eva y el insoportable Adán : _bsketch subversivo / _cCarmen Quidiello de Bosch. |
| 260 |
_aSanto Domingo : _bAlfa Y Omega, _c1995. |
||
| 300 |
_a103 p. : _bil., retrs. ; _c22 cm. |
||
| 590 | _aInventariado, 2018/BT | ||
| 999 |
_c45849 _d45849 |
||